[Event "Wisconsin Int"]
[Site "Madison"]
[Date "2017.06.15"]
[Round "4"]
[White "Madison, Jeremy M"]
[Black "Zimmermann, Troy J"]
[Result "1/2-1/2"]
[WhiteElo "1981"]
[BlackElo "1713"]
[PlyCount "101"]
[EventDate "2017.06.13"]
[EventType "swiss"]
[EventRounds "9"]
[EventCountry "USA"]
[SourceTitle "CBM 179 Extra"]
[Source "ChessBase"]
[SourceDate "2017.08.23"]
[SourceVersion "1"]
[SourceVersionDate "2017.08.23"]
[SourceQuality "1"]

1. e4 e5 2. Nf3 Nc6 3. Bb5 a6 4. Ba4 Nf6 5. 0-0 b5 6. Bb3 Bc5 7. d3 d6 8. h3 h6 9. c3 0-0 10. Nbd2 Bb6 11. Re1 Re8 12. Nf1 d5 13. Be3 d4 14. cxd4 Nxd4 15. Nxd4 Bxd4 16. Qc2 c5 17. Rac1 Be6 18. Bxd4 Bxb3 19. Qxc5 Bxa2 20. Bxe5 Nd7 21. Qa3 Nxe5 22. Qxa2 Nxd3 23. Rcd1 Nb4 24. Rxd8 Nxa2 25. Rd7 Rad8 26. Ra7 Nb4 27. f3 Rc8 28. Rd1 Red8 29. Rxd8+ Rxd8 30. Kf2 Rd3 31. Ne3 Rd2+ 32. Kg3 g6 33. Ng4 h5 34. Nh6+ Kg7 35. Nxf7 Rxb2 36. Ng5+ Kg8 37. Ne6 h4+ 38. Kxh4 Rxg2 39. f4 Nd3 40. Rxa6 b4 41. Rb6 Nxf4 42. Nxf4 g5+ 43. Kh5 gxf4 44. Rxb4 Rg1 45. Rb3 Rg3 46. Rb5 Rxh3+ 47. Kg4 Rh1 48. Kxf4 Kf7 49. Rb6 Ke7 50. e5 Rf1+ 51. Ke4 1/2-1/2